Highest English Proficiency Index (EPI) - Europe - Statistics

General Stats
  • This quiz has been taken 1,069 times
  • The average score is 14 of 16
Answer Stats
Score Country % Correct
4. 625 Sweden
98%
8. 616 Germany
97%
5. 624 Norway
97%
3. 631 Finland
95%
1. 652 Netherlands
95%
2. 632 Denmark
94%
9. 612 Belgium
91%
6. 623 Austria
89%
14. 596 Poland
88%
16. 588 Switzerland
88%
10. 610 Luxembourg
83%
7. 618 Portugal
79%
12. 598 Hungary
70%
11. 599 Croatia
68%
15. 589 Romania
67%
13. 597 Serbia
59%
No matching quizzes found
Score Distribution
Percent of People with Each Score
Percentile by Number Answered
Your Score History
You have not taken this quiz